00426nam a2200157Ia 4500003000400000008004100004040001600045082001600061100001600077245007100093260005100164300001000215650001100225650002200236650001000258GCL140319s9999 xx 000 0 eng d aGCL / cGCL04a871.01bR H1 aRWDD, NIALL10aHORACE EPISTLES BOOK II AND EPISTLE TO THE PISONES / cRWDD, NIALL a[S.N] : bCAMBRIDGE UNIVERSITY PRESS ، c1989 a244 P04aPOETRY04aEPISTOTARY POETRY04aLATIN